Studi Kebijakan Pertahanan: Problematika Pengelolaan Keamanan dan Pertahanan di Wilayah Konflik ( Aceh dan Papua) (Record no. 25687)
[ view plain ]
| 000 -LEADER | |
|---|---|
| fixed length control field | 00470nam a22001337a 4500 |
| 020 ## - INTERNATIONAL STANDARD BOOK NUMBER | |
| ISBN | 978-979-799-181-4 |
| 084 ## - OTHER CLASSIFICATION OF CALL NUMBER | |
| Call Number (Nomor Katalog) | 173-0325 TYA His Bo.1 |
| 100 ## - MAIN ENTRY--AUTHOR NAME | |
| Personal name (Pengarang) | Hargyaning Tyas |
| 245 ## - TITLE STATEMENT | |
| Sub Title (Anak Judul) | Studi Kebijakan Pertahanan: Problematika Pengelolaan Keamanan dan Pertahanan di Wilayah Konflik ( Aceh dan Papua) |
| 260 ## - PUBLICATION, DISTRIBUTION, ETC. (IMPRINT) | |
| Place of publication (Tempat Terbit/Kota) | Jakarta |
| Name of publisher (Nama Penerbit) | LIPI Press |
| Year of publication (Tahun Terbit) | 2007 |
| 300 ## - PHYSICAL DESCRIPTION | |
| Number of Pages (Jumlah Halaman) | i-vi + 193 hlm |
| 650 ## - SUBJECT ADDED ENTRY--TOPICAL TERM | |
| Topical Term (Topik 1) | History (Sejarah) |
| Relator term (Topik 2) | H-I-S |
| Form subdivision (Topik 3) | Pertahanan di Wilayah Konflik (Aceh dan Papua) |
| 942 ## - ADDED ENTRY ELEMENTS (KOHA) | |
| Koha item type | Books (Buku) |
| Withdrawn status | Lost status | Damaged status | Not for loan | Permanent Location (Lokasi Permanen) | Current Location (Lokasi Sekarang) | Shelving location (Lokasi Rak) | Date acquired | Full call number (Nomor Katalog) | Barcode | Price effective from | Koha item type (Jenis Koleksi) | Public note (Keterangan) |
|---|---|---|---|---|---|---|---|---|---|---|---|---|
| Fisip Unmul Main Library | Fisip Unmul Main Library | Bookshelf | 04/02/2026 | 173-0325 TYA His Bo.1 | 173032501 | 04/02/2026 | Books (Buku) | Sumbangan Dari Nina Ardila Mahasiswi PS Hubungan Internasional |